Key ideas in human thought (Record no. 31751)

MARC details
000 -LEADER
fixed length control field 00471nam a2200169Ia 4500
020 ## - INTERNATIONAL STANDARD BOOK NUMBER
ISBN 0816027072
050 ## - CALL MARK
Classification number B 41 .K48/
245 #0 - TITLE STATEMENT
Title Key ideas in human thought
260 ## - PUBLICATION, DISTRIBUTION, ETC. (IMPRINT)
Place of publication New York
260 ## - PUBLICATION, DISTRIBUTION, ETC. (IMPRINT)
Name of publisher Facts on File
260 ## - PUBLICATION, DISTRIBUTION, ETC. (IMPRINT)
Year of publication c1993
300 ## - PHYSICAL DESCRIPTION
Number of Pages 789 p
650 ## - SUBJECT ADDED ENTRY--TOPICAL TERM
Topical Term Philosophy_Dictionaries. Humanities_Dictionaries. Science_Dictionaries. Social sciences_Dictionaries.
942 ## - ADDED ENTRY ELEMENTS (KOHA)
Koha item type Books
Holdings
Withdrawn status Lost status Source of classification or shelving scheme Damaged status Not for loan Permanent Location Current Location Date acquired Accession Number Price effective from Koha item type
    Library of Congress Classification     NILE UNIVERSITY OF NIGERIA - MAIN LIBRARY NILE UNIVERSITY OF NIGERIA - MAIN LIBRARY 04/23/2025 0011826 04/23/2025 Books